000 01445cam a22004574i 4500
003 PE-LiUPU
005 20250731172956.0
008 150623s1998 miu rb 000 0 eng d
020 _a0801021731
035 _a(Sirsi) i9780801021732
040 _aPE-LiUPU
_bspa
_cPE-LiUPU
_erda
049 _aPRUA
082 0 4 _a268
_bP33B
_221
100 1 _aPazmiño, Robert W.,
_eautor.
245 1 0 _aBasics of teaching for christians /
_cRobert W. Pazmiño.
264 1 _aMichigan :
_bBaker Books,
_c1998.
300 _a124 páginas ;
_c21.5 centímetros
336 _atext
_2rdacontent
337 _aunmediated
_2rdamedia
338 _avolume
_2rdacarrier
504 _aIncluye bibliografía.
505 0 _aPreparation. -Instruction. -Evaluation.
526 _aSEG42
526 _aSEG41
526 _aSEG40
526 _aSEG39
526 _aP94
526 _aP87
526 _aP86
526 _aP85
526 _aP77
526 _aP76
526 _aP35
650 0 4 _aEducación cristiana.
942 _2ddc
_cBOOK
949 _a268 P33B
_wDEWEY
_c1
_i45347
_lCCODEBUL1
_mBUL
_r0
_sY
_tBOOK
_u2015-6-24
_xTEOLOGIA
_PP35
_0COMPRA
_o.STAFF. Colección Teología
994 _aC0
_bPEPRU
596 _a1
999 _a268 P33B
_wDEWEY
_c22209
_i45347
_f2021-11-10
_g5
_lCCODEBUL1
_mBUL
_p20.00
_r0
_sY
_tBOOK
_u2015-6-24
_xTEOLOGIA
_PP35
_0COMPRA
_o.STAFF. Colección Teología
_d22209
980 _81
_gALBERTO SANCHEZ Responsable de Automatización